000 01450nam0a2200337 i 4500
001 RU\NLR\bibl\1891574
005 20240921100410.0
010 _a9785904080136
_9500
021 _aRU
_b2012-22548
_91689
035 _a(NLR Aleph) 001881261
090 _a2794032
_c2794032
100 _a20120412d2011 u y0rusy50 ca
101 0 _arus
102 _aRU
105 _ay |||||||||
200 1 _aПсихологическая культура общения как фактор профессиональной подготовки
_fРыжов В.В., Кузьмина С.В.
210 _aМосква
_cРусско-американский институт
_d2011
215 _a202 с.
_d21
320 _aБиблиогр.: с. 178-192 (237 назв.)
606 1 _aВысшие учебные заведения
_xПрофессора и преподаватели
_xПедагогическое общение
_92142311
_3RU\NLR\auth\661595630
606 1 _aУчителя
_xПсихологическая подготовка
_91082798
_3RU\NLR\auth\66104606
686 _aЧ489.518.266.1
686 _aЧ481.42
686 _aЧ481.32
700 1 _aРыжов
_bВ. В.
_gВасилий Васильевич
_4070
701 1 _aКузьмина
_bС. В.
_gСветлана Владимировна
_4070
801 0 _aRU
_bNLR
_c20120412
_gRCR
801 1 _aRU
_bNLR
_c20120412
942 _cBOOK
980 _aNBR